Environmental Science Toward a Sustainable Future (Record no. 551)
[ view plain ]
| 000 -LEADER | |
|---|---|
| Fixed length control field | 00507nam a2200181 4500 |
| 003 - CONTROL NUMBER IDENTIFIER | |
| Control field | SEACOMMC |
| 005 - DATE AND TIME OF LATEST TRANSACTION | |
| Control field | 20250412121316.0 |
| 008 - FIXED-LENGTH DATA ELEMENTS--GENERAL INFORMATION | |
| Fixed length control field | 240912b |||||||| |||| 00| 0 eng d |
| 020 ## - INTERNATIONAL STANDARD BOOK NUMBER / ISBN | |
| International Standard Book Number | 978-81-2033-690-2 |
| Price | Rs.625.00 |
| 040 ## - CATALOGING SOURCE | |
| Original cataloging agency | SEACOMMC |
| 082 ## - DEWEY DECIMAL CLASSIFICATION NUMBER | |
| Classification number | 333.7 |
| Book Number | W932 |
| 100 ## - MAIN ENTRY--PERSONAL NAME | |
| Personal name | Wright, Richard T |
| 245 1# - TITLE STATEMENT | |
| Title | Environmental Science Toward a Sustainable Future |
| Statement of responsibility | Richard T. Wright |
| 250 ## - EDITION STATEMENT | |
| Edition statement | 9th ed. |
| 260 ## - IMPRINT | |
| Place of publication | New Delhi |
| Name of publisher | PHI Learning |
| Date of publication | 2007 |
| 650 ## - SUBJECT ADDED ENTRY--TOPICAL TERM | |
| Topical term | Environmental sciences |
| 942 ## - ADDED ENTRY ELEMENTS (KOHA) | |
| Koha item type | Books |
| Withdrawn status | Lost status | Source of classification | Damaged status | Not for loan | Home library | Current library | Date acquired | Total Checkouts | Call number | Accession number | Date last seen | Price effective from | Koha item type | Copy number | Checked out | Date checked out |
|---|---|---|---|---|---|---|---|---|---|---|---|---|---|---|---|---|
| Dewey Decimal Classification | SEACOM MANAGEMENT COLLEGE | SEACOM MANAGEMENT COLLEGE | 22/09/2007 | 333.7 W932 | M-121 | 12/09/2024 | 12/09/2024 | Books | ||||||||
| Dewey Decimal Classification | SEACOM MANAGEMENT COLLEGE | SEACOM MANAGEMENT COLLEGE | 22/09/2007 | 333.7 W932 | M-122 | 12/09/2024 | 12/09/2024 | Books | 1 | |||||||
| Dewey Decimal Classification | SEACOM MANAGEMENT COLLEGE | SEACOM MANAGEMENT COLLEGE | 22/09/2007 | 333.7 W932 | M-123 | 12/09/2024 | 12/09/2024 | Books | 2 | |||||||
| Dewey Decimal Classification | SEACOM MANAGEMENT COLLEGE | SEACOM MANAGEMENT COLLEGE | 22/09/2007 | 333.7 W932 | M-124 | 12/09/2024 | 12/09/2024 | Books | 3 | |||||||
| Dewey Decimal Classification | SEACOM MANAGEMENT COLLEGE | SEACOM MANAGEMENT COLLEGE | 22/09/2007 | 333.7 W932 | M-125 | 12/09/2024 | 12/09/2024 | Books | 4 | |||||||
| Dewey Decimal Classification | SEACOM MANAGEMENT COLLEGE | SEACOM MANAGEMENT COLLEGE | 22/09/2007 | 1 | 333.7 W932 | M-126 | 06/11/2025 | 12/09/2024 | Books | 5 | 20/11/2025 | 06/11/2025 | ||||
| Dewey Decimal Classification | SEACOM MANAGEMENT COLLEGE | SEACOM MANAGEMENT COLLEGE | 22/09/2007 | 333.7 W932 | M-127 | 12/09/2024 | 12/09/2024 | Books | 6 |
